000 00389nam a22001697a 4500
003 OSt
008 230420b |||||||| |||| 00| 0 eng d
020 _a9789381269176
100 _aPRIDHAM,J.B
245 _aBiosynthetic Pathways in Higher Plants
250 _a2012
260 _aNew Delhi
_bElsevier
300 _axi,212
310 _aRupees
700 _aSWAIN,T
942 _2ddc
_cREF
999 _c11976
_d11976